000
00269nam a2200109Ia 4500
008
200302s9999 xx 000 0 und d
100
_a
Caroline Holmes
245
_a
Icons of Garden Design
260
_b
Prestel Verlag Publishing Ltd.
260
_c
2001
300
_a
176 P.,
999
_c
1235
_d
1235